Marine auxiliary machinery / (Record no. 3282)
[ view plain ]
| 000 -LEADER | |
|---|---|
| fixed length control field | 00429nam a2200157 4500 |
| 008 - FIXED-LENGTH DATA ELEMENTS--GENERAL INFORMATION | |
| fixed length control field | 200326b ||||| |||| 00| 0 eng d |
| 082 00 - DEWEY DECIMAL CLASSIFICATION NUMBER | |
| Classification number | 623.87 |
| Item number | M1454 |
| 100 ## - MAIN ENTRY--PERSONAL NAME | |
| 9 (RLIN) | 1279 |
| Personal name | McGeorge, H. D. |
| 245 10 - TITLE STATEMENT | |
| Title | Marine auxiliary machinery / |
| 250 ## - EDITION STATEMENT | |
| Edition statement | 7th ed. |
| 260 ## - PUBLICATION, DISTRIBUTION, ETC. (IMPRINT) | |
| Place of publication, distribution, etc | New Delhi |
| Name of publisher, distributor, etc | Butterworths-Heinemann |
| Date of publication, distribution, etc | 1995 |
| 300 ## - PHYSICAL DESCRIPTION | |
| Extent | 514 p. |
| 650 #0 - SUBJECT ADDED ENTRY--TOPICAL TERM | |
| Topical term or geographic name as entry element | Marine Engines |
| Topical term or geographic name as entry element | Marine machinery |
| 942 ## - ADDED ENTRY ELEMENTS (KOHA) | |
| Source of classification or shelving scheme | |
| Item type | Books |
| Withdrawn status | Lost status | Source of classification or shelving scheme | Damaged status | Not for loan | Permanent location | Current location | Date acquired | Full call number | Barcode | Date last seen | Koha item type | Total Checkouts | Date last borrowed | Total Renewals |
|---|---|---|---|---|---|---|---|---|---|---|---|---|---|---|
| IMU Kolkata | IMU Kolkata | 2020-03-26 | 623.87 M1454 | 05633 | 2020-03-26 | Books | ||||||||
| IMU Kolkata | IMU Kolkata | 2020-03-26 | 623.87 M1454 | 05634 | 2020-03-26 | Books | ||||||||
| IMU Kolkata | IMU Kolkata | 2020-03-26 | 623.87 M1454 | 05641 | 2020-03-26 | Books | ||||||||
| IMU Kolkata | IMU Kolkata | 2020-03-26 | 623.87 M1454 | 05642 | 2023-03-01 | Books | 2 | 2023-02-15 | ||||||
| IMU Kolkata | IMU Kolkata | 2020-03-26 | 623.87 M1454 | 05645 | 2020-03-26 | Books | ||||||||
| IMU Kolkata | IMU Kolkata | 2020-03-26 | 623.87 M1454 | 05648 | 2020-03-26 | Books | ||||||||
| IMU Kolkata | IMU Kolkata | 2020-03-26 | 623.87 M1454 | 05654 | 2020-03-26 | Books | ||||||||
| IMU Kolkata | IMU Kolkata | 2020-03-26 | 623.87 M1454 | 05658 | 2023-11-29 | Books | 1 | 2023-08-04 | ||||||
| IMU Kolkata | IMU Kolkata | 2020-06-10 | 623.87 M1454 | 06164 | 2020-06-10 | Books | ||||||||
| IMU Kolkata | IMU Kolkata | 2020-06-10 | 623.87 M1454 | 06166 | 2020-06-10 | Books | ||||||||
| IMU Kolkata | IMU Kolkata | 2020-06-10 | 623.87 M1454 | 06173 | 2026-05-13 | Books | 2 | 2026-05-04 | ||||||
| IMU Kolkata | IMU Kolkata | 2020-06-10 | 623.87 M1454 | 06174 | 2020-06-10 | Books | ||||||||
| IMU Kolkata | IMU Kolkata | 2020-06-10 | 623.87 M1454 | 06180 | 2020-06-10 | Books | ||||||||
| IMU Kolkata | IMU Kolkata | 2020-06-19 | 623.87 M1454 | 06501 | 2020-06-19 | Books | ||||||||
| IMU Kolkata | IMU Kolkata | 2020-06-29 | 623.87 M1454 | 06708 | 2025-04-29 | Books | 2 | 2025-04-15 | 1 | |||||
| IMU Kolkata | IMU Kolkata | 2020-06-29 | 623.87 M1454 | 06711 | 2020-06-29 | Books | ||||||||
| IMU Kolkata | IMU Kolkata | 2020-06-29 | 623.87 M1454 | 06780 | 2020-06-29 | Books | ||||||||
| IMU Kolkata | IMU Kolkata | 2020-08-04 | 623.87 M1454 | 07999 | 2020-08-04 | Books | ||||||||
| IMU Kolkata | IMU Kolkata | 2021-01-21 | 623.87 M1454 | 08551 | 2021-01-21 | Books | ||||||||
| IMU Kolkata | IMU Kolkata | 2021-01-21 | 623.87 M1454 | 08559 | 2021-01-21 | Books | ||||||||
| IMU Kolkata | IMU Kolkata | 2021-01-21 | 623.87 M1454 | 08560 | 2026-04-30 | Books | 3 | 2026-04-27 | ||||||
| IMU Kolkata | IMU Kolkata | 2021-01-21 | 623.87 M1454 | 08561 | 2021-01-21 | Books | ||||||||
| IMU Kolkata | IMU Kolkata | 2021-01-21 | 623.87 M1454 | 08562 | 2021-01-21 | Books |